000 00567nam a22001097a 4500
008 110510t xxu||||| |||| 00| 0 eng d
010 _aSCCAF:1A (A-I)
245 _aSUPREME COURT CIVIL APPEAL No. 23 OF 2007 Kaijuka Mutabazi Emmanuel and Fang Min
260 _aSupreme Court Mengo
500 _aCoram: Odoki,CJ; Tsekooko, Mulenga, Kanyeihamba; Okello; JJSC
500 _aAppeal arising from the judgment, decisions and orders of the Court of Appeal at Kampala (Mukasa-Kikonyogo DCJ, Mpagi- Buhigeine and Kavuma, JJ.A) in Civil Appeal No. 38 of 2006 dated 25th July 2006
999 _c1707
_d1707